00187nam a2200085Ia 4500008004100000041000800041100000900049245003400058650000900092230605s9999 xx 000 0 und d aeng akine aHotel front office simylation aF.O.